00211nam a2200085Ia 4500008004100000100001800041245004500059260001200104260000900116170617s9999 xx 000 0 und d aKhanna- Rajiv 0aBasic Electronics & Computer Application bNew Age c2007